Statistiques concernant Quiz Marvel - 100 super-héros

Cliquez ici pour prendre le quiz!

Statistiques générales

  • Ce quiz a été pris 3 698 fois
    (3 659 depuis la dernière actualisation)
  • Le résultat moyen est 31 sur 100

Statistiques - réponses

HintRéponse% Correct
Dieu du tonnerreThor89
90%
Le grand héros des USACaptain America13
87%
Dresseur de fourmisL'Homme Fourmi (Ant-man)6
86%
Milliardaire egocentrique visionnaireIron Man53
84%
Le tisseur ado le plus connu au mondeSpider-man85
79%
Etrange médecinDr Strange28
72%
Fils d'UltronLa Vision96
71%
Félin du WakandaLa Panthère Noire (Black Panther)73
70%
Elevée par ThanosGamora39
69%
Le fils de SakaarHulk50
69%
X-Man griffuWolverine99
68%
Rousse russe qui met des roustesLa Veuve Noire (Black Widow)94
67%
Archer précisOeil de Faucon (Hawkeye)71
63%
Premier amour de SteveAgent Carter / Peggy Carter2
56%
La conjugaison n'est pas son fortGroot41
55%
Père de toutOdin70
55%
Briseur de ... Quatrième murDeadpool23
54%
Ex-militaire devenu un volatile mécanique du ShieldLe Faucon (Falcon)34
54%
Il a fait ses 12 travauxHercule47
53%
Fondateur d'une école et télépathe ne pouvant utiliser les siennes (de pattes)Le Professeur Xavier78
52%
Destructeur à la recherche de ThanosDrax27
49%
Elle pîque (comme la sauce samouraï)La Guêpe (Wasp)42
47%
Leader X-Man amoureux d'une rousse télépatheCyclope21
46%
Modèle la réalité comme personneLa Sorcière Rouge (Scarlet Witch)84
45%
L'intello elastoMr Fantastic65
45%
Seigneur des étoilesStar-Lord87
45%
Oubliez Flash, c'est lui le plus rapideVif Argent (Quicksilver)95
45%
Pseudo porté par 7 héros différentsCaptain Marvel15
44%
Gardienne de la galaxie à antennesMantis60
43%
Truc fantastiqueLa Chose (The Thing)18
42%
Ca va chaufferLa Torche Humaine (Human Torch)91
42%
James Rhodes "Roxxx"Warmachine98
41%
Dieu de la guerreArès7
39%
Biker vengeurGhost Rider40
39%
X-Man bestialLe Fauve (Beast)35
39%
Le démon de Hell's KitchenDaredevil22
38%
Punk météorologueTornade (Storm)92
37%
Quelqu'un l'a vue?La Femme Invisible36
35%
Petite bête poilue, mais ne lui dites pas ce qu'il est!Rocket Raccoon80
35%
Guerrière protectrice d'AsgardValkyrie93
35%
Asgardien visionnaireHeimdall46
34%
Cousine verdâtreMiss Hulk (She-Hulk)62
31%
X-Man métallique qui fait bipper tous les portiques de sécuritéColossus20
30%
Copine voleuse de Peter ParkerLa Chatte Noire (Black Cat)16
29%
Grand fan de Steve Rogers et amateur de voitures volantesPhil Coulson76
29%
Elle est un peu tout le monde à la foisMystique66
28%
S'il avait des lunettes, ce serait un monocleNick Fury68
28%
Roi des poissonsNamor67
27%
Son compère du Royaume-UniCaptain Britain14
26%
Lady d'AsgardSif83
26%
Premier X-Man volantAngel4
25%
Mi-homme, mi-vampireBlade10
25%
Héros à louer n°1Iron Fist52
24%
Héros à louer n°2Power Man / Luke Cage77
24%
Préparateur de glaçonsIceberg (Iceman)51
23%
Après sa tante, c'est elle qui fricote avec SteveSharon Carter / n°1382
23%
Son pendant fémininSpider-woman86
23%
X-Man du futur avec un bras mécaniqueCable11
22%
Roi des InhumainsFlèche Noire (Black Bolt)37
22%
X-Man furtifDiablo (Nightcrawler)24
21%
Casqué cosmique de XandarNova69
21%
Chanceuse invétéréeDomino25
19%
Liquidateur de mauvaise graineLe Punisher79
19%
Disciple de KhonshuMoon Knight64
19%
Humain créé artificiellement, né d'un coconAdam Warlock1
18%
Flash Thompson et son symbioteAgent Venom3
18%
X-Man joueur invétéréGambit38
18%
Alcoolique muscléeJessica Jones54
17%
Partie sombre d'un duo d'adosLa Cape (Cloak)12
15%
Sa force renaît à chaque foisLe Phénix (Phoenix)75
15%
Madame FranchiseMiss Marvel63
15%
X-Man frère de ScottHavok45
14%
Hawaien cosmiqueLe Surfeur d'Argent (Silver Surfer)88
13%
Reine des InhumainsMedusa61
13%
Partie lumineuse d'un duo d'adosL'Epée (Dagger)32
12%
X-Man du futur tatoué d'un M sur l'oeilBishop9
11%
Reine des glacesEmma Frost31
11%
Elle donne une sacrée migraineMalicia (Rogue)59
11%
Sorcière, femme de StephenClea19
9%
Inhum-chienGueule d'Or (Lockjaw)43
9%
Korbinite capable de soulever le MjolnirBeta Ray Bill8
8%
Son pote est un dragonKitty Pryde57
8%
Asgardien membre du trio palatin n°3Volstagg97
8%
Asgardien membre du trio palatin n°1Fandral33
7%
Asgardien membre du trio palatin n°2Hogun48
7%
Héros palméHoward le Canard49
7%
Il est fier de son paysPatriote (Patriot)74
7%
De ses deux personnalités, c'est la plus sympathiqueSentry81
6%
Souveraine des LimbesMagie (Magik)58
5%
Héros & ActeurWonderman100
5%
Guerrière gardienne du paradisAngela5
4%
Prêtresse chauve formée sur la planète TitanDragon-Lune (Moon Dragon)26
4%
Ami de Fury qui fut en guerre contre les nazis et qui est aujourd'hui un agent du ShieldDum Dum Dugan30
4%
Roi de la jungleKa-Zar56
4%
Chatte sauvaugeTigra90
4%
Médecin adepte du mysticismeDr Vaudou (Dr Voodoo)29
3%
Découpeuse de têteGuillotine44
2%
Inhumain qui n'en est pas unKarnak55
2%
Il s’emploie à faire le bien pour redorer son imageLe Chevalier Noir (Black Knight)17
2%
Morse volantOiseau Moqueur (Mockingbird)72
2%

Distribution des résultats

Percentile par nombre de réponses

% des personnes avec chaque résultat

Votre développement - résultats

Vous n’avez pas pris ce quiz depuis la dernière actualisation